Минеральный состав коры выветривания Ольховско-Чибижекского рудного района; Проблемы геологии и освоения недр

Xehetasun bibliografikoak
Parent link:Проблемы геологии и освоения недр.— 2009.— С. 85-87
Egile nagusia: Мартыненко И. В. Ирина Владимировна
Beste egile batzuk: Мазуров А. К. Алексей Карпович (научный руководитель)
Hizkuntza:errusiera
Argitaratua: 2009
Gaiak:
Formatua: Liburu kapitulua
KOHA link:https://koha.lib.tpu.ru/cgi-bin/koha/opac-detail.pl?biblionumber=180707

MARC

LEADER 00000naa2a2200000 4500
001 180707
005 20241009121141.0
035 |a (RuTPU)RU\TPU\book\195903 
090 |a 180707 
100 |a 20100525d2009 k y0rusy50 ca 
101 0 |a rus 
102 |a RU 
200 1 |a Минеральный состав коры выветривания Ольховско-Чибижекского рудного района  |f И. В. Мартыненко  |g науч. рук. А. К. Мазуров 
320 |a Библиогр.: 3 назв. 
463 0 |0 (RuTPU)RU\TPU\book\186895  |y 978-5-98298-569-9  |t Проблемы геологии и освоения недр  |o труды XIII Международного симпозиума имени академика М. А. Усова студентов и молодых ученых, посвященного 110-летию со дня рождения К. В. Радугина  |f Томский политехнический университет (ТПУ), Институт геологии и нефтегазового дела (ИГНД)  |v С. 85-87  |d 2009  |p 993 с. 
610 1 |a золотоносные районы 
610 1 |a Ольховско-Чибижекский район 
610 1 |a кора выветривания 
610 1 |a минеральный состав 
610 1 |a труды учёных ТПУ 
700 1 |a Мартыненко  |b И. В.  |c геолог  |c старший преподаватель Томского политехнического университета  |f 1984-  |g Ирина Владимировна  |3 (RuTPU)RU\TPU\pers\28197  |9 13151 
702 1 |a Мазуров  |b А. К.  |c горный инженер геолог  |c профессор-консультант Томского политехнического университета, доктор геолого-минералогических наук  |f 1951-  |g Алексей Карпович  |3 (RuTPU)RU\TPU\pers\26068  |4 727  |9 11906 
801 1 |a RU  |b 63413507  |c 20100525 
801 2 |a RU  |b 63413507  |c 20120327  |g RCR 
942 |c BK